000 01663nam a2200325 i 4500
003 EG-GICUC
005 20260330220251.0
008 260330s1993 ua ||||fr|||| 00| 0 ara d
040 _a EG-GICUC
_bara
_c EG-GICUC
_d EG-GICUC
_erda
041 0 _aara
082 0 4 _221
_a345.6
_bم ص . ج
092 0 4 _221
099 _aLaw1 07 345.6 م ص . ا 1993
100 0 _aمصطفى مجدي هرجه
_eمؤلف.
245 1 2 _aالتعليق على قانون الحجز الاداري :
_bرقم ٣٠٨ لسنة ١٩٥٥ وتعديلاته /
_cالمستشار مصطفى مجدي هرجه.
264 1 _aالاسكندرية :
_bدار المطبوعات الجامعية،
_c1993.
300 _a508 ؛ صفحة
_c24 سم.
_bإيضاحيات، صور، مثيليات ؛
336 _2rda content
_atext
337 _2rda media
_aComputer
338 _2rda carrier
_aOnline Resource
504 _a. 240-220 ببليوجرافيا: صفحات.
505 _aقواد القانون معلقا عليها بأحدث الأراء وأحكام النقض. منازعات التنفيذ الوقتية في الحجوز الإدارية . دعوى الاستحقاق الفرعية. جنحة التبديد معلقا عليها بأحدث الآراء والأحكام . دعوى إسترداد المنقولات المحجوزة . الصيغ القضائية .
546 _aالنص باللغة العربية
650 1 4 _aالقرارت الإدارية
_2qrmak
650 1 4 _aالقانون الإداري
_2qrmak
651 1 _2qrmak
856 4 0 _uhttps://fll.law.cu.edu.eg/fulltext/bks/B07-02219.pdf
905 _a77
942 _2ddc
_cBK
_e21
_n0
999 _c67597
_d67597